MARC

LEADER 00000nam0a2200000 4500
001 332414
005 20231102004444.0
035 |a (RuTPU)RU\TPU\book\358347 
090 |a 332414 
100 |a 20170522d1963 km y0rusy50 ca 
101 0 |a rus 
102 |a RU 
105 |a a z 001zy 
200 1 |a Автоматизация металлорежущих станков  |f М. М. Абакумов 
210 |a Москва  |c Московский рабочий  |d 1963 
215 |a 216 с.  |c ил. 
320 |a Библиогр.: с. 215 
606 1 |a Металлорежущие станки  |x Автоматизация  |x Экономическая эффективность  |2 stltpush  |3 (RuTPU)RU\TPU\subj\42572  |9 62231 
610 1 |a основные направления 
610 1 |a организационные условия 
610 1 |a технологические условия 
610 1 |a механическая обработка 
610 1 |a загрузочные устройства 
610 1 |a приспособления 
610 1 |a закрепление 
610 1 |a детали 
610 1 |a автоматическое управление 
610 1 |a формообразование 
610 1 |a контроль 
675 |a 621.9.06-52  |v 4 
700 1 |a Абакумов  |b М. М.  |g Михаил Митрофанович 
801 1 |a RU  |b 63413507  |c 20170522 
801 2 |a RU  |b 63413507  |c 20170523  |g RCR 
942 |c BK